书目信息 |
| 题名: |
钢结构
|
|
| 作者: | 戴国欣 主编 | |
| 分册: | ||
| 出版信息: | 武汉 武汉理工大学出版社 2007.12 |
|
| 页数: | 337页 | |
| 开本: | 29cm | |
| 丛书名: | 普通高等学校土木工程专业新编系列教材 | |
| 单 册: | ||
| 中图分类: | TU391 | |
| 科图分类: | ||
| 主题词: | 钢结构--gang jie gou--高等学校--教材 | |
| 电子资源: | ||
| ISBN: | 978-7-5629-2634-4 | |
| 000 | 01089nam 2200277 450 | |
| 001 | 1241166761 | |
| 005 | 20120407112613.76 | |
| 010 | @a978-7-5629-2634-4@dCNY35.00 | |
| 100 | @a20080419d2007 em y0chiy0120 ea | |
| 101 | 0 | @achi |
| 102 | @aCN@b420000 | |
| 105 | @aak a 000yy | |
| 200 | 1 | @a钢结构@Agang jie gou@f戴国欣主编@Fdai guo xin zhu bian |
| 205 | @a第3版 | |
| 210 | @a武汉@c武汉理工大学出版社@d2007.12 | |
| 215 | @a337页@c图@d29cm | |
| 225 | 2 | @a普通高等学校土木工程专业新编系列教材@Apu tong gao deng xue xiao tu mu gong cheng zhuan ye xin bian xi lie jiao cai |
| 300 | @a普通高等教育“十一五”国家级规划教材 | |
| 320 | @a有书目 (第337页) | |
| 330 | @a本书分为上、下篇。上篇“钢结构原理”,为土木工程专业的技术基础课,内容包括绪论、钢结构材料特性、钢结构的连接、钢构件的稳定理论以及钢结构基本构件的工作原理和设计方法等。 | |
| 410 | 0 | @12001 @a普通高等学校土木工程专业新编系列教材 |
| 606 | 0 | @a钢结构@Agang jie gou@x高等学校@j教材 |
| 690 | @aTU391@v4 | |
| 701 | 0 | @a戴国欣@Adai guo xin@4主编 |
| 801 | 0 | @aCN@bQSSK@c20080419 |
| 905 | @b293378-80@dTU391@eD117=3@f3 | |
| 钢结构/戴国欣主编.-第3版.-武汉:武汉理工大学出版社,2007.12 |
| 337页:图;29cm.-(普通高等学校土木工程专业新编系列教材) |
| 普通高等教育“十一五”国家级规划教材 |
| ISBN 978-7-5629-2634-4:CNY35.00 |
| 本书分为上、下篇。上篇“钢结构原理”,为土木工程专业的技术基础课,内容包括绪论、钢结构材料特性、钢结构的连接、钢构件的稳定理论以及钢结构基本构件的工作原理和设计方法等。 |
| ● |
| 相关链接 |
|
|
|
正题名:钢结构
索取号:TU391/D117=3
 
预约/预借
| 序号 | 登录号 | 条形码 | 馆藏地/架位号 | 状态 | 备注 |
| 1 | 485202 | 204852025 | 土木与交通工程学院资料室/ [索取号:TU391/D117=3] | 在馆 |